Může světlo prodávat?
Nové využitie osvetlenia pri predaji. História osvetlenia tovaru v predajniach. Funkcie správneho osvetlenia. Novinka tohtoročného veľtrhu EuroShop - windows shopping, výber a získanie informácií o tovare pomocou laserového lúča cez interaktívny výklad.
Guardado en:
| Formato: | Capítulo de libro |
|---|---|
| Lenguaje: | checo |
| Materias: | |
| Etiquetas: |
Sin Etiquetas, Sea el primero en etiquetar este registro!
|
MARC
| LEADER | 00000naa a2200000 4500 | ||
|---|---|---|---|
| 001 | r034638 | ||
| 005 | 20230727094730.7 | ||
| 041 | 0 | |a cze | |
| 044 | |a CZ | ||
| 245 | 1 | 0 | |a Může světlo prodávat? |
| 520 | |a Nové využitie osvetlenia pri predaji. História osvetlenia tovaru v predajniach. Funkcie správneho osvetlenia. Novinka tohtoročného veľtrhu EuroShop - windows shopping, výber a získanie informácií o tovare pomocou laserového lúča cez interaktívny výklad. | ||
| 610 | 2 | 0 | |a predaj |
| 610 | 2 | 0 | |a podpora predaja |
| 610 | 2 | 0 | |a maloobchod |
| 610 | 2 | 0 | |a osvetlenie |
| 610 | 2 | 0 | |a svetlo |
| 610 | 2 | 0 | |a predajne |
| 610 | 2 | 0 | |a psychológia predaja |
| 610 | 2 | 0 | |a spotrebitelia |
| 610 | 2 | 0 | |a výrobky nové |
| 610 | 2 | 0 | |a technika predaja |